| 000 | 01773nam a2200289 4500 | ||
|---|---|---|---|
| 001 | 0000100124 | ||
| 005 | 20250329165436.0 | ||
| 008 | 190730s2024 000 0 eng d | ||
| 040 |
_aCO-CtgCURN _bspa _ccoctgcurn |
||
| 041 | 0 | _aspa | |
| 082 | 0 |
_aENF2024 _bS161 |
|
| 100 | 1 | _aSalazar Martínez, Lusila Bernarda. | |
| 245 | 1 | 0 |
_aDesafío social de las comunidades en situación de pobreza en tiempos de covid19 Cartagena 2022 / _cLusila Bernarda Salazar Martínez; Vicky Pérez Miranda; directora Sandra Lorena Vallejo Arias. |
| 260 |
_aCartagena de Indias : _bCorporación Universitaria Rafael Núñez, _c2024. |
||
| 300 | _a138 hojas. | ||
| 336 |
_2rdacontent _atext _btxt |
||
| 337 |
_2rdacarrier _asin mediacion _bn |
||
| 338 |
_2rdacarrier _avolumen _bnc |
||
| 502 | _aTrabajo de grado (Enfermeria). Corporacion Universitaria Rafael Nuñez. Facultad de Ciencias de la salud. Enfermeria, 2024. | ||
| 520 | _a"Los contagios y muertes por COVID-19 alcanzaron cifras impresionantes, esto oblig a los entes encargados a extremar medidas de contención, con lo que vinieron afecciones en salud mental, violencia intrafamiliar, pérdida de empleos y alteración de la economía mundial. En la ciudad de Cartagena, en 2020 incrementó la tasa de desempleo por el cierre del sector turístico dejando familias sin un sustento oficial" | ||
| 650 | 0 |
_aEnfermeria _vTesis y disertaciones academicas. |
|
| 700 | 1 | _aPérez Miranda, Vicky. | |
| 700 | 1 |
_aVallejo Arias, Sandra Lorena, _edirectora. |
|
| 856 |
_uhttps://unicurn.sharepoint.com/:b:/s/biblioteca/EXDBvi6g9rdBs2Qw5zrTqggB6SEKcd2yc56kPAKD5X_hog?e=N3012r _zClick para ver el recurso en texto completo |
||
| 942 |
_cTG _hENF 2024 _iS161 |
||
| 999 |
_c4138 _d4138 |
||